000 00929nam a2200313 a 4500
003 AR-BaBNM
005 20251128203746.0
008 082120s2002 ||||||||||||||000 | spa||
040 _cAR-BaBNM
100 1 _aRolland, Romain
245 0 0 _aBeethoven
_blas grandes épocas creadoras : El Canto de la Resurrección : La Misa Solemne y las últimas sonatas. 3
260 _aBuenos Aires
_bLibrería Hachette
_c1951
300 _a455 p.
_bláms., il.
490 0 _aNumen
500 _aIndice de grabados en p. 457
504 _aContiene referencias bibliograficas en p. 453
650 4 _aBIOGRAFIAS
650 4 _aMUSICOS
650 4 _aHISTORIA DE LA MUSICA
650 4 _aMUSICA CLASICA
650 4 _aFORMAS MUSICALES
650 4 _aMUSICA RELIGIOSA
650 4 _aMUSICA VOCAL
650 4 _aPARTITURAS MUSICALES
655 _aBIOGRAFIAS
700 1 _aAlvajar, Amparo
_etraductor
942 _cBK
998 _cMARTIN
999 _c4821
_d4821